Κατάλογος θεμάτων για λαϊκές και παιδικές βιβλιοθήκες

Saved in:
Bibliographic Details
Main Author: Ντελόπουλος, Κυριάκος, 1933-
Format: Book
Language:Greek
Published: Αθήνα : Υπουργείο Πολιτισμού; Γενική Γραμματεία Νέας Γενιάς; Κέντρο Παιδικού και Εφηβικού Βιβλίου, 1986
Series:Βιβλιοθήκες
Subjects:
Tags: Add Tag
No Tags, Be the first to tag this record!

MARC

LEADER 00000nam a2200000 i 4500
001 1/57711
008 040621s1986 gre d
035 |l 10073819 
040 |a GR-MY-UA  |b gre  |e aacr 
041 0 |a gre 
082 0 |a 025.3  |2 (22) 
100 1 |a Ντελόπουλος, Κυριάκος,   |d 1933- 
245 1 0 |a Κατάλογος θεμάτων για λαϊκές και παιδικές βιβλιοθήκες /  |c Κυρ. Ντελόπουλος 
260 |a Αθήνα :   |b Υπουργείο Πολιτισμού; Γενική Γραμματεία Νέας Γενιάς; Κέντρο Παιδικού και Εφηβικού Βιβλίου,   |c 1986 
300 |a 116 σ.;  |c 24 εκ. 
490 1 |a Βιβλιοθήκες 
650 0 0 |a Subject headings, Greek. 
830 0 |a Βιβλιοθήκες 
852 |a INST  |b LESVOS  |e 20040621  |h 025.3 ΝΤΕ  |p 005100028140  |q 005100028140  |t REF  |y 23 
901 |a BIBL1-2004-2 
909 |a Λ  |b 112052 
970 |a ΜΑΡΙΝΑΤΟΥ  |b ΜΥΡΣΙΝΗ  |z 2004/06/21